| 000 | 00380cam a2200145ua 4500 | ||
|---|---|---|---|
| 041 |
_aeng _h |
||
| 082 |
_a828.09 _bHOU/DA |
||
| 100 | _aHough, Graham . | ||
| 245 |
_aDark sun: A study of D.H Lawrence / _cGraham Hough. _hTextual Documents |
||
| 260 |
_aLondon : _bGerald Duckworth and Co. Ltd. , _c1956. |
||
| 300 | _a265 ; . | ||
| 504 | _a | ||
| 942 | _cBK | ||
| 999 |
_c8879 _d8879 |
||